000 00471nam a2200157Ia 4500
003 OSt
005 20230526114028.0
008 211028s2017 xx 000 0 und d
040 _cAIMIT LIBRARY
041 _aeng
100 _aFernandes, Prajwal; Lasrado, Suman Antony.
_98718
_e151925
110 _aSuman Antony Lasrado
_98719
245 _aEnhancement of cloud environmental provisioning for supply chain management.
260 _aMangalore
_c2017
942 _2ddc
_cPRO
999 _c220028
_d220028